Sociology (Record no. 53071)
[ view plain ]
| 000 -LEADER | |
|---|---|
| fixed length control field | 00925naa a2200241 4500 |
| 005 - DATE AND TIME OF LATEST TRANSACTION | |
| control field | 20110623110444.0 |
| 010 ## - LCCN (DPL NO) | |
| LC control number | B-430917 |
| 020 ## - INTERNATIONAL STANDARD BOOK NUMBER | |
| International Standard Book Number | 9780195698848 |
| Terms of availability | 335.00 |
| 035 ## - SYSTEM CONTROL NUMBER | |
| System control number | B-430917 |
| 037 ## - SOURCE OF ACQUISITION | |
| Source of stock number/acquisition | Oxford University Press |
| 082 14 - DEWEY DECIMAL CLASSIFICATION NUMBER | |
| Classification number | 301 |
| 100 1# - MAIN ENTRY--PERSONAL NAME | |
| Personal name | Beteille, Andre |
| 245 1# - TITLE STATEMENT | |
| Title | Sociology |
| Remainder of title | essays on approach and method / |
| Statement of responsibility, etc | by Andre Beteille |
| 250 ## - EDITION STATEMENT | |
| Edition statement | 2nd ed. |
| 260 ## - PUBLICATION, DISTRIBUTION, ETC. (IMPRINT) | |
| Place of publication, distribution, etc | New Delhi |
| Name of publisher, distributor, etc | Oxford University Press |
| Date of publication, distribution, etc | 2010 |
| 270 ## - ADDRESS | |
| Address | YMCA Library Building, Jai Singh, |
| City | New Delhi |
| State or province | Delhi |
| Postal code | 110001 |
| 300 ## - PHYSICAL DESCRIPTION | |
| Extent | x, 323p. |
| Dimensions | 24cm (pbk) |
| 500 ## - GENERAL NOTE | |
| General note | Includes index |
| 942 ## - ADDED ENTRY ELEMENTS (KOHA) | |
| Institution code [OBSOLETE] | dpl |
| Item type | English Books |
| Source of classification or shelving scheme | Dewey Decimal Classification |
| Classification part | 301 |
| Call number suffix | SHA |
| Withdrawn status | Lost status | Not for loan | Home library | Current library | Date acquired | Cost, normal purchase price | Full call number | Copy number | Cost, replacement price | Koha item type | Collection code | Source of acquisition | Barcode | Public note |
|---|---|---|---|---|---|---|---|---|---|---|---|---|---|---|
| Andrews Gunj | Andrews Gunj | 23/06/2011 | 335.00 | 301 SHA | 1 | 335.00 | English Books | |||||||
| Lost and Paid For | Central Library | Central Library | 08/07/2011 | 335.00 | 301 SHA | 1 | 335.00 | English Books | Non-fiction | Allied Pub/2951/29.3.11/78/14.3.11/31.3.11 | B-430917 | Legal Case Register No. 28 |
